[Event "Vojens Autumn"]
[Site "Vojens"]
[Date "2015.09.07"]
[Round "3"]
[White "Christensen, Benny"]
[Black "Posselt, Karl"]
[Result "1/2-1/2"]
[WhiteElo "1596"]
[BlackElo "1500"]
[PlyCount "61"]
[EventDate "2015.09.07"]
[EventType "swiss (rapid)"]
[EventRounds "7"]
[EventCountry "DEN"]
[SourceTitle "EXT 2024"]
[Source "ChessBase"]
[SourceDate "2023.10.10"]
[SourceVersion "1"]
[SourceVersionDate "2023.10.10"]
[SourceQuality "1"]

1. e4 e6 2. Nf3 d5 3. exd5 exd5 4. d4 Nf6 5. Nc3 Be6 6. Bd3 c5 7. dxc5 Bxc5 8. Bf4 Nc6 9. 0-0 a6 10. a3 0-0 11. Qd2 b5 12. b4 Bd6 13. Ne2 Qc7 14. Bxd6 Qxd6 15. Ng5 Ne5 16. Rad1 h6 17. Nxe6 fxe6 18. f4 Qb6+ 19. Kh1 Neg4 20. Nd4 Kh8 21. h3 Qxd4 22. hxg4 Nxg4 23. Rde1 Rae8 24. c3 Qb6 25. Rf3 e5 26. fxe5 Rxf3 27. gxf3 Nf2+ 28. Kg2 Nxd3 29. Qxd3 Qe6 30. Qd4 Qg6+ 31. Kf2 1/2-1/2

[Event "Orlova op-A 12th"]
[Site "Orlova"]
[Date "2015.05.31"]
[Round "9"]
[White "Christensen, Benny"]
[Black "Neumann, Filip"]
[Result "1/2-1/2"]
[WhiteElo "1700"]
[BlackElo "1498"]
[PlyCount "51"]
[EventDate "2015.05.24"]
[EventType "swiss"]
[EventRounds "9"]
[EventCountry "CZE"]
[SourceTitle "CBM 166 Extra"]
[Source "ChessBase"]
[SourceDate "2015.06.18"]
[SourceVersion "1"]
[SourceVersionDate "2015.06.18"]
[SourceQuality "1"]

1. d4 Nf6 2. c4 c5 3. d5 b5 4. b3 g6 5. Bb2 bxc4 6. bxc4 d6 7. e3 Bg7 8. Bd3 0-0 9. Nf3 Nbd7 10. Nbd2 a5 11. 0-0 Ba6 12. Qc2 Qc7 13. Bc3 Rfb8 14. Rab1 Ng4 15. Bxg7 Kxg7 16. Rxb8 Rxb8 17. Rb1 Nge5 18. Nxe5 Nxe5 19. Be2 Rb7 20. f4 Nd7 21. Rxb7 Qxb7 22. a3 Kg8 23. Kf2 Nb6 24. Qb3 a4 25. Qa2 Qa7 26. Qb2 1/2-1/2

[Event "Orlova op-A 12th"]
[Site "Orlova"]
[Date "2015.05.27"]
[Round "4"]
[White "Sulkowski, Dawid"]
[Black "Christensen, Benny"]
[Result "1-0"]
[WhiteElo "1238"]
[BlackElo "1700"]
[PlyCount "111"]
[EventDate "2015.05.24"]
[EventType "swiss"]
[EventRounds "9"]
[EventCountry "CZE"]
[SourceTitle "CBM 166 Extra"]
[Source "ChessBase"]
[SourceDate "2015.06.18"]
[SourceVersion "1"]
[SourceVersionDate "2015.06.18"]
[SourceQuality "1"]

1. e4 e5 2. Nf3 d6 3. d4 exd4 4. Nxd4 Nf6 5. Nc3 Be7 6. Bg5 0-0 7. Bc4 Bd7 8. 0-0 Nc6 9. Be3 Nxd4 10. Bxd4 Bc6 11. Re1 a6 12. a4 d5 13. exd5 Bd7 14. Qf3 c5 15. Be5 Qc8 16. Qg3 g6 17. d6 Bd8 18. Rad1 Ng4 19. b3 Nxe5 20. Rxe5 Bf6 21. Re2 Bxc3 22. Qxc3 b5 23. axb5 axb5 24. Bd5 Ra6 25. Qf6 Be6 26. Bxe6 fxe6 27. Qxe6+ Qxe6 28. Rxe6 Rd8 29. f4 c4 30. bxc4 bxc4 31. c3 Ra3 32. d7 Kf8 33. Re3 Ra7 34. Re4 Raxd7 35. Rxd7 Rxd7 36. Rxc4 Ke7 37. Kf2 Ke6 38. Kf3 Rd3+ 39. Kg4 Rd2 40. Kh3 h5 41. g3 Rc2 42. Rc6+ Kf7 43. c4 Kg7 44. c5 Kf7 45. Rc8 Kg7 46. c6 Kh7 47. c7 Kg7 48. g4 Rc3+ 49. Kh4 hxg4 50. Kxg4 Rc2 51. h4 Rc5 52. h5 gxh5+ 53. Kh4 Kh7 54. f5 Kg7 55. f6+ Kf7 56. Rh8 1-0